Poznatky z pestovania čiernych ríbezlí

Bibliographic Details
Main Authors: Cvopa, Jozef (Author), Cvopová, Eva (Author)
Format: Article
Language:Slovak
Subjects:

MARC

LEADER 00000nab a2200000 a 4500
001 vtls000289417
003 SK-MaSNL
005 20260302220248.0
008 111201c1987 xo 0 slo
015 |a SNBRB19rr/mm-uuuuu 
035 |a CL0299536 
040 |a SNKBUCL  |b slo  |c SNKBUCL  |e AACR2 
041 0 |a slo 
044 |a xo  |c SK 
080 |a 634.723  |2 1981 
100 1 |a Cvopa, Jozef  |4 aut  |9 793587 
245 1 0 |a Poznatky z pestovania čiernych ríbezlí  |c Jozef Cvopa, Eva Cvopová 
650 0 7 |a čierne ríbezle  |2 snkbucl  |9 50364 
655 7 |a články z novín a časopisov  |2 snkbucl  |9 267496 
700 1 |a Cvopová, Eva  |4 aut  |9 857346 
773 0 |t Záhradníctvo  |g Roč. 12, č. 9 (1987), s. 397-398 
850 |a Slovenská národná knižnica v Martine  |a MTA001 
852 |a SNK  |b KIS3GCP 
958 |a RK 
992 |a RBX 
999 |c 1506281  |d 1508211